000 01164cam a22003011 4500
999 _c126254
_d126254
001 9757333
003 ARRUPE
005 20170301115204.0
008 721019s1948 ctu b 000 0 eng
010 _a 48006253
035 _a(OCoLC)466951
040 _aDLC
_cODaWU
_dOCoLC
_dDLC
050 0 0 _aE806
_b.B434
082 0 0 _a327.73
100 1 _aBeard, Charles A.
_q(Charles Austin),
_d1874-1948.
_929228
245 1 0 _aPresident Roosevelt and the coming of the war, 1941;
_ba study in appearances and realities.
_cCharles A. Berad
260 _aNew Haven,
_bYale Univ. Press,
_c1948.
300 _avi, 614 p.
_c24 cm.
500 _aSequel to the author's American foreign policy in the making, 1932-1940.
504 _aBibliographical footnotes.
600 1 0 _aRoosevelt, Franklin D.
_q(Franklin Delano),
_d1882-1945.
_94149
650 0 _aWorld War, 1939-1945
_zUnited States.
_929229
651 0 _aUnited States
_xForeign relations
_y1933-1945.
_929230
906 _a7
_bcbc
_coclcrpl
_du
_encip
_f19
_gy-gencatlg
942 _2lcc
_cMONOGRAPH